00497 a2200157 4500001000700000020000600007040001100013100004800024240005000072245004500122362000900167697003500176942000700211952010200218999001900320178388 a  cMagnum aAlunos da 1ยช Serie de 2000/monteiro Lobato10aBrincando com a turma do monteiro lobatolpor10aBrincando com a turma do monteiro lobato0 a1899 aMAGNITO: IJ/AVENTURA, CRIANCAS cBK 00104070a32.5b32.5d2024-06-08l0oLI.06010pMAG00027835r2024-06-08 20:52:06w2024-06-08yBK c178388d178388